|
|
|
|
| LEADER |
00000nam0a2200000 4500 |
| 001 |
229718 |
| 005 |
20231101230946.0 |
| 010 |
|
|
|a 9785811414604
|
| 035 |
|
|
|a (RuTPU)RU\TPU\book\250356
|
| 090 |
|
|
|a 229718
|
| 100 |
|
|
|a 20130115d2013 m y0rusy50 ca
|
| 101 |
0 |
|
|a rus
|
| 102 |
|
|
|a RU
|
| 105 |
|
|
|a a j 001zy
|
| 200 |
1 |
|
|a Теория линейных и нелинейных колебаний
|e учебное пособие
|f Г. Т. Алдошин
|
| 205 |
|
|
|a 2-е изд., стер.
|
| 210 |
|
|
|a Санкт-Петербург
|c Лань
|d 2013
|
| 215 |
|
|
|a 312 с.
|c ил.
|
| 225 |
1 |
|
|a Учебники для вузов. Специальная литература
|
| 320 |
|
|
|a Библиогр.: с. 307.
|
| 330 |
|
|
|a Пособие состоит из двух частей. В первой излагается теория линейных колебаний систем с конечным числом степеней свободы. Наряду с вопросами, входящими в программы дополнительных глав теоретической механики, рассмотрены колебания молекул, цепочки осцилляторов, параметрические колебания и сведения из устойчивости движения. Вторая часть посвящена нелинейным колебаниям. Изложены качественные методы анализа нелинейных колебаний и приближенные методы их расчета. Рассмотрены автоколебания в системах с одной степенью свободы, фрикционные и релаксационные колебания. Приведены сведения о стохастических автоколебаниях.
|
| 606 |
1 |
|
|a Колебания, теория
|2 stltpush
|3 (RuTPU)RU\TPU\subj\14673
|9 41031
|
| 610 |
1 |
|
|a физика
|
| 610 |
1 |
|
|a линейные колебания
|
| 610 |
1 |
|
|a нелинейные колебания
|
| 610 |
1 |
|
|a дифференциальные уравнения
|
| 610 |
1 |
|
|a малые колебания
|
| 610 |
1 |
|
|a свободные колебания
|
| 610 |
1 |
|
|a линейные системы
|
| 610 |
1 |
|
|a колебательные системы
|
| 610 |
1 |
|
|a параметрические колебания
|
| 610 |
1 |
|
|a динамические системы
|
| 610 |
1 |
|
|a нелинейные колебательные системы
|
| 610 |
1 |
|
|a автоколебательные системы
|
| 610 |
1 |
|
|a вынужденные колебания
|
| 610 |
1 |
|
|a учебные пособия
|
| 675 |
|
|
|a 534.01(075.8)
|v 3
|
| 700 |
|
1 |
|a Алдошин
|b Г. Т.
|g Геннадий Тихонович
|
| 801 |
|
1 |
|a RU
|b 63413507
|c 20130115
|
| 801 |
|
2 |
|a RU
|b 63413507
|c 20171012
|g RCR
|
| 942 |
|
|
|c BK
|
| 951 |
|
|
|b 011200
|l 8
|l 10
|
| 959 |
|
|
|a 3/20130115
|d 2
|e 749,98
|f ЧЗТЛ:1
|f АНЛ:1
|